Τιτανικός : το χρονικό της ανακάλυψης

"Το 1985, κατά τη διάρκεια μιας απόρρητης ναυτικής αποστολής, ο δρ Ρόμπερτ Μπάλαρντ έλυσε ένα από τα μεγαλύτερα ναυτικά μυστήρια του 20ου αιώνα ανακαλύπτοντας το ναυάγιο του Τιτανικού. Σήμερα μπορείτε να ακολουθήσετε το θρυλικό εξερευνητή καθώς αποκαλύπτει το παρασκήνιο μιας ιστορίας που θυμίζε...

Πλήρης περιγραφή

Αποθηκεύτηκε σε:
Λεπτομέρειες βιβλιογραφικής εγγραφής
Άλλοι συγγραφείς: Ballard, Robert D.
Μορφή: Διαφάνειες
Γλώσσα:English
Greek
Δημοσίευση: [S.l.] : National Geographic Television, c2009
Θέματα:
Ετικέτες: Προσθήκη ετικέτας
Δεν υπάρχουν, Καταχωρήστε ετικέτα πρώτοι!

MARC

LEADER 00000cgm a2200000 i 4500
001 1/17125
008 111216s2009 ||| eng
035 |l 10111601 
040 |a GR-MY-UA  |b gre  |e aacr 
041 0 |a eng  |j gre 
082 0 |a 910.91634  |2 (22) 
245 1 0 |a Τιτανικός :  |h [μαγνητοσκόπηση]  |b το χρονικό της ανακάλυψης 
260 |a [S.l.] :   |b National Geographic Television,   |c c2009 
300 |a 1 βιντεοδίσκος (52 λεπτ.);  |b ομίλ., έγχρ.;  |c 4 3/4 ίν. 
500 |a Διανέμεται δωρεάν με το τεύχ. 7 (Ιούλ. 2009) του περιοδικού National Geographic 
508 |a Εκτέλεση παραγωγής: John Mernit, παραγωγή-σενάριο: Clare Nolan, μοντάζ: Julie Naff 
520 |a "Το 1985, κατά τη διάρκεια μιας απόρρητης ναυτικής αποστολής, ο δρ Ρόμπερτ Μπάλαρντ έλυσε ένα από τα μεγαλύτερα ναυτικά μυστήρια του 20ου αιώνα ανακαλύπτοντας το ναυάγιο του Τιτανικού. Σήμερα μπορείτε να ακολουθήσετε το θρυλικό εξερευνητή καθώς αποκαλύπτει το παρασκήνιο μιας ιστορίας που θυμίζει κατασκοπευτικό θρίλερ, όπου πρωταγωνιστούν υποβρύχια και πολιτικοστρατιωτικές υπερδυνάμεις σε συνθήκες άκρας μυστικότητας". - Περίληψη από τη θήκη 
610 1 0 |a Titanic (Steamship) 
650 0 0 |a Shipwrecks  |z North Atlantic Ocean. 
650 0 0 |a Underwater exploration  |z North Atlantic Ocean. 
650 0 0 |a Cold War  |x Naval exploration. 
700 0 |a Ballard, Robert D. 
852 |a INST  |b SYROS  |c AV  |e 20111216  |h 910.91634 ΤΙΤ  |p 005500009941  |q 005500009941  |t DVD  |y 23 
901 |a BIBL5-2008-1 
909 |a Ε  |b 169822 
970 |a ΚΟΝΤΟΥ  |b ΠΑΡΑΣΚΕΥΗ  |z 2011/12/16